Chanakya: agreat strategist, philosopher, economist and jurist (Record no. 1464349)

MARC details
000 -LEADER
fixed length control field 00691 a2200229 4500
005 - DATE AND TIME OF LATEST TRANSACTION
control field 20260406153635.0
008 - FIXED-LENGTH DATA ELEMENTS--GENERAL INFORMATION
fixed length control field 260406b |||||||| |||| 00| 0 eng d
020 ## - INTERNATIONAL STANDARD BOOK NUMBER
International Standard Book Number 9788119312757 (hbk)
037 ## - SOURCE OF ACQUISITION
Terms of availability TB
040 ## - CATALOGING SOURCE
Original cataloging agency AL
Transcribing agency AL
041 ## - LANGUAGE CODE
Source of code eng
Language code of text/sound track or separate title eng
084 ## - COLON CLASSIFICATION NUMBER
Classification number Wx1,1 R5
Assigning agency AL
100 ## - MAIN ENTRY--PERSONAL NAME
Personal name Singh, M.K.
9 (RLIN) 847035
245 ## - TITLE STATEMENT
Title Chanakya: agreat strategist, philosopher, economist and jurist
260 ## - PUBLICATION, DISTRIBUTION, ETC.
Place of publication, distribution, etc. Delhi, India:
Name of publisher, distributor, etc. Saddle Publishers,
Date of publication, distribution, etc. 2025.
300 ## - PHYSICAL DESCRIPTION
Extent 248p.
365 ## - TRADE PRICE
Price amount 1299.00
Currency code INR
650 ## - SUBJECT ADDED ENTRY--TOPICAL TERM
Topical term or geographic name entry element Chankya
9 (RLIN) 1234160
650 ## - SUBJECT ADDED ENTRY--TOPICAL TERM
Topical term or geographic name entry element Philosopher
942 ## - ADDED ENTRY ELEMENTS (KOHA)
Koha item type Textbook
Source of classification or shelving scheme Colon Classification (CC)
Classification part Wx1,1 R5
Holdings
Withdrawn status Lost status Source of classification or shelving scheme Damaged status Not for loan Home library Current library Date acquired Source of acquisition Cost, normal purchase price Inventory number Total Checkouts Full call number Barcode Date last seen Cost, replacement price Price effective from Koha item type
    Colon Classification (CC)     Arts Library Arts Library 2026-04-06 Eastern Book Linkers 1036.00 90/04/02/2026   Wx1,1 R5 AL1805217 2026-02-06 1295.00 2026-02-06 Textbook
Copyright @ Delhi University Library System